[Event "Mittelrhein Verbandsliga-N 18/19"]
[Site "Nordrheinwestfalen"]
[Date "2019.02.10"]
[Round "7.4"]
[White "Eilers, Jochen"]
[Black "Maciag, David"]
[Result "1-0"]
[WhiteElo "1975"]
[BlackElo "1870"]
[PlyCount "123"]
[EventDate "2018.09.02"]
[EventType "team-tourn"]
[EventRounds "12"]
[EventCountry "GER"]
[SourceTitle "EXT 2022"]
[Source "ChessBase"]
[SourceDate "2021.10.06"]
[SourceVersion "1"]
[SourceVersionDate "2021.10.06"]
[SourceQuality "1"]
[WhiteTeam "Bergische SF"]
[BlackTeam "Baumberg"]
[WhiteTeamCountry "GER"]
[BlackTeamCountry "GER"]

1. g3 c5 2. Bg2 Nc6 3. e4 g6 4. Nc3 Bg7 5. d3 d6 6. Be3 e6 7. Qd2 Nge7 8. Bh6 Bxh6 9. Qxh6 Nd4 10. Rc1 Qb6 11. Nge2 Qxb2 12. 0-0 Nxe2+ 13. Nxe2 Nc6 14. Rfe1 Nd4 15. Nxd4 Qxd4 16. c3 Qf6 17. e5 dxe5 18. Re3 Rb8 19. Rf3 Qe7 20. Qg7 Rf8 21. Qxe5 Ra8 22. Re3 f6 23. Qf4 Kf7 24. Qh6 Kg8 25. Rce1 Qg7 26. Qf4 Rd8 27. Qc4 Qf8 28. Bh3 f5 29. g4 f4 30. Re5 b6 31. g5 Rd6 32. R1e4 Qd8 33. Rxf4 Kg7 34. Rf3 Bb7 35. Rfe3 Bd5 36. Qh4 Bxa2 37. c4 Rxd3 38. Bxe6 Rxe3 39. Rxe3 Kh8 40. Bd5 Rc8 41. Qf4 Qf8 42. Qe5+ Qg7 43. Qd6 b5 44. Re7 Qa1+ 45. Kg2 Bxc4 46. Bxc4 bxc4 47. Re5 Qd4 48. Qf6+ Kg8 49. Qe6+ Kg7 50. Rd5 Qf4 51. Rd7+ Kh8 52. Qe7 Qg4+ 53. Kf1 Qh3+ 54. Ke2 Qg4+ 55. Kd2 Qf4+ 56. Ke1 Qc1+ 57. Ke2 Qc2+ 58. Ke3 Qc3+ 59. Kf4 Qc1+ 60. Kg3 Qg1+ 61. Kf3 Qh1+ 62. Ke2 1-0

[Event "Mittelrhein Verbandsliga-N 18/19"]
[Site "Nordrheinwestfalen"]
[Date "2019.01.20"]
[Round "6.3"]
[White "Eilers, Jochen"]
[Black "Brochhagen, Thomas"]
[Result "1/2-1/2"]
[WhiteElo "1975"]
[BlackElo "1946"]
[PlyCount "64"]
[EventDate "2018.09.02"]
[EventType "team-tourn"]
[EventRounds "12"]
[EventCountry "GER"]
[SourceTitle "EXT 2022"]
[Source "ChessBase"]
[SourceDate "2021.10.06"]
[SourceVersion "1"]
[SourceVersionDate "2021.10.06"]
[SourceQuality "1"]
[WhiteTeam "Bergische SF"]
[BlackTeam "Langenfeld II"]
[WhiteTeamCountry "GER"]
[BlackTeamCountry "GER"]

1. e4 e6 2. Nc3 d5 3. g3 d4 4. Nce2 c5 5. d3 Nc6 6. Bg2 h5 7. h3 h4 8. g4 e5 9. f4 f6 10. Nf3 exf4 11. Bxf4 g5 12. Bh2 Bd6 13. Bxd6 Qxd6 14. Qd2 Be6 15. e5 Nxe5 16. Nxe5 Qxe5 17. Bxb7 Rb8 18. Bc6+ Kf7 19. 0-0-0 Ne7 20. Bg2 Bd5 21. Ng1 Bxg2 22. Qxg2 Qd5 23. Qxd5+ Nxd5 24. Nf3 Rhe8 25. Rde1 Rxe1+ 26. Rxe1 Nf4 27. Ng1 Rb6 28. a3 a6 29. b3 a5 30. Kd2 Re6 31. Rxe6 Kxe6 32. c3 Kd5 1/2-1/2

[Event "Mittelrhein Verbandsliga-N 18/19"]
[Site "Nordrheinwestfalen"]
[Date "2018.12.16"]
[Round "5.4"]
[White "Eilers, Jochen"]
[Black "Weber, Peter"]
[Result "1-0"]
[WhiteElo "1975"]
[BlackElo "1765"]
[PlyCount "55"]
[EventDate "2018.09.02"]
[EventType "team-tourn"]
[EventRounds "12"]
[EventCountry "GER"]
[SourceTitle "EXT 2022"]
[Source "ChessBase"]
[SourceDate "2021.10.06"]
[SourceVersion "1"]
[SourceVersionDate "2021.10.06"]
[SourceQuality "1"]
[WhiteTeam "Bergische SF"]
[BlackTeam "Koeln Worringen"]
[WhiteTeamCountry "GER"]
[BlackTeamCountry "GER"]

1. e4 c5 2. Nc3 a6 3. g3 b5 4. Bg2 Bb7 5. Nf3 b4 6. Nd5 e6 7. Ne3 Bxe4 8. 0-0 Nf6 9. b3 Be7 10. Bb2 0-0 11. Re1 d5 12. d3 Bg6 13. Ne5 Qc7 14. h4 Bd6 15. N3g4 Nxg4 16. Qxg4 Bf5 17. Qf3 f6 18. Ng4 Nc6 19. Ne3 Ne5 20. Qe2 Bg6 21. f4 Nc6 22. f5 Nd4 23. Bxd4 cxd4 24. Nxd5 exd5 25. fxg6 Bxg3 26. Bxd5+ Kh8 27. Bxa8 Bxe1 28. Rxe1 1-0

[Event "Mittelrhein Verbandsliga-N 17/18"]
[Site "Nordrheinwestfalen"]
[Date "2018.02.04"]
[Round "7.3"]
[White "Eilers, Jochen"]
[Black "Distelrath, Stephan"]
[Result "1/2-1/2"]
[WhiteElo "2000"]
[BlackElo "2049"]
[PlyCount "25"]
[EventDate "2017.09.10"]
[EventType "team-swiss"]
[EventRounds "11"]
[EventCountry "GER"]
[SourceTitle "EXT 2022"]
[Source "ChessBase"]
[SourceDate "2021.10.06"]
[SourceVersion "1"]
[SourceVersionDate "2021.10.06"]
[SourceQuality "1"]
[WhiteTeam "Bergische SF"]
[BlackTeam "Koeln Ford SF"]
[WhiteTeamCountry "GER"]
[BlackTeamCountry "GER"]

1. g3 Nf6 2. Bg2 g6 3. e4 d6 4. Nc3 c5 5. d3 Bg7 6. h3 Nc6 7. Be3 e5 8. Nge2 0-0 9. 0-0 b5 10. Qd2 b4 11. Nd1 Be6 12. f4 Qc7 13. f5 1/2-1/2

[Event "Mittelrhein Verbandsliga-N 17/18"]
[Site "Nordrheinwestfalen"]
[Date "2018.01.14"]
[Round "6.3"]
[White "Schmitz, Andreas"]
[Black "Eilers, Jochen"]
[Result "0-1"]
[WhiteElo "1910"]
[BlackElo "2000"]
[PlyCount "66"]
[EventDate "2017.09.10"]
[EventType "team-swiss"]
[EventRounds "11"]
[EventCountry "GER"]
[SourceTitle "EXT 2022"]
[Source "ChessBase"]
[SourceDate "2021.10.06"]
[SourceVersion "1"]
[SourceVersionDate "2021.10.06"]
[SourceQuality "1"]
[WhiteTeam "Leverkusen Koenigsspringer"]
[BlackTeam "Bergische SF"]
[WhiteTeamCountry "GER"]
[BlackTeamCountry "GER"]

1. Nf3 c5 2. c4 g6 3. Nc3 Bg7 4. g3 Nc6 5. Bg2 d6 6. 0-0 e5 7. d3 Nge7 8. h4 h6 9. e3 Bg4 10. Qd2 0-0 11. Nh2 Be6 12. a3 f5 13. f4 d5 14. cxd5 Nxd5 15. Rb1 exf4 16. exf4 Qd7 17. Nxd5 Bxd5 18. Nf3 Rfe8 19. b4 cxb4 20. axb4 Re7 21. Bb2 Rae8 22. Bxg7 Kxg7 23. Qc3+ Kh7 24. b5 Bxf3 25. Bxf3 Nd4 26. Qc5 b6 27. Qb4 Re3 28. Kg2 Nxf3 29. Rxf3 Rxf3 30. Kxf3 Qxd3+ 31. Kg2 Qe2+ 32. Kg1 Re3 33. Rb3 Qd1+ 0-1

[Event "Mittelrhein Verbandsliga-M 16/17"]
[Site "Nordrheinwestfalen"]
[Date "2017.02.19"]
[Round "8.4"]
[White "Porn, Juergen"]
[Black "Eilers, Jochen"]
[Result "0-1"]
[WhiteElo "1947"]
[BlackElo "1968"]
[PlyCount "66"]
[EventDate "2016.09.11"]
[EventType "team-tourn"]
[EventRounds "11"]
[EventCountry "GER"]
[SourceTitle "EXT 2022"]
[Source "ChessBase"]
[SourceDate "2021.10.06"]
[SourceVersion "1"]
[SourceVersionDate "2021.10.06"]
[SourceQuality "1"]
[WhiteTeam "Esch SF"]
[BlackTeam "Bergische SF"]
[WhiteTeamCountry "GER"]
[BlackTeamCountry "GER"]

1. Nf3 c5 2. e4 d6 3. c3 Nf6 4. e5 dxe5 5. Nxe5 Nbd7 6. Qa4 e6 7. d4 Bd6 8. Na3 0-0 9. Nac4 cxd4 10. Nxd6 Nxe5 11. Qxd4 Nc6 12. Qd1 Qe7 13. Nc4 b5 14. Ne3 b4 15. cxb4 Nxb4 16. a3 Rd8 17. Qb3 Nc6 18. Be2 a5 19. Qa4 Nd4 20. Bc4 Bb7 21. Bd2 Bxg2 22. Nxg2 Nf3+ 23. Ke2 Nxd2 24. Rhd1 Qc5 25. Ne3 Qh5+ 26. Ke1 Nf3+ 27. Ke2 Nxh2+ 28. Ke1 Nf3+ 29. Ke2 Nd4+ 30. Ke1 Ne4 31. Bf1 Nf3+ 32. Ke2 Nfd2+ 33. Ke1 Qf3 0-1

[Event "Mittelrhein Verbandsliga-M 16/17"]
[Site "Nordrheinwestfalen"]
[Date "2016.11.27"]
[Round "4.3"]
[White "Eilers, Jochen"]
[Black "Brungs, Sven"]
[Result "1-0"]
[WhiteElo "1968"]
[BlackElo "1768"]
[PlyCount "59"]
[EventDate "2016.09.11"]
[EventType "team-tourn"]
[EventRounds "11"]
[EventCountry "GER"]
[SourceTitle "EXT 2022"]
[Source "ChessBase"]
[SourceDate "2021.10.06"]
[SourceVersion "1"]
[SourceVersionDate "2021.10.06"]
[SourceQuality "1"]
[WhiteTeam "Bergische SF"]
[BlackTeam "Porz SG V"]
[WhiteTeamCountry "GER"]
[BlackTeamCountry "GER"]

1. e4 g6 2. Nc3 Bg7 3. g3 d6 4. Bg2 e5 5. d3 Ne7 6. Be3 Nbc6 7. Qd2 h6 8. Nge2 Be6 9. 0-0 Qd7 10. f4 0-0-0 11. Nd5 Kb8 12. c3 Ng8 13. b4 Nce7 14. d4 c6 15. Nxe7 Nxe7 16. d5 cxd5 17. exd5 Bf5 18. Rac1 Ng8 19. c4 Nf6 20. c5 Ng4 21. c6 bxc6 22. dxc6 Qc7 23. Nc3 Nxe3 24. Qxe3 exf4 25. Rxf4 Bxc3 26. Qxc3 Be6 27. a4 h5 28. a5 g5 29. Rd4 a6 30. Rb1 1-0

[Event "Mittelrhein Verbandsliga-M 16/17"]
[Site "Nordrheinwestfalen"]
[Date "2016.10.23"]
[Round "3.4"]
[White "Koenner, Martin"]
[Black "Eilers, Jochen"]
[Result "0-1"]
[WhiteElo "1937"]
[BlackElo "1968"]
[PlyCount "82"]
[EventDate "2016.09.11"]
[EventType "team-tourn"]
[EventRounds "11"]
[EventCountry "GER"]
[SourceTitle "EXT 2022"]
[Source "ChessBase"]
[SourceDate "2021.10.06"]
[SourceVersion "1"]
[SourceVersionDate "2021.10.06"]
[SourceQuality "1"]
[WhiteTeam "Rheinpark BSG"]
[BlackTeam "Bergische SF"]
[WhiteTeamCountry "GER"]
[BlackTeamCountry "GER"]

1. e4 c5 2. Nf3 d6 3. d4 cxd4 4. Nxd4 Nf6 5. Nc3 a6 6. Be2 e5 7. Nb3 Be7 8. 0-0 Be6 9. Be3 Nbd7 10. a4 Qc7 11. Re1 0-0 12. a5 Rac8 13. Ra4 Rfd8 14. Bf1 Ng4 15. Bc1 Nc5 16. Nxc5 Qxc5 17. Qf3 Nf6 18. Qg3 Nh5 19. Qf3 Nf6 20. Bd3 Qc6 21. Qg3 Qd7 22. Ra1 Nh5 23. Qf3 Nf6 24. h3 h6 25. Be3 Bc4 26. Bb6 Rf8 27. Rad1 Bxd3 28. Rxd3 Bd8 29. Qe3 Bxb6 30. Qxb6 Rc6 31. Qb4 Rd8 32. Red1 Qc7 33. b3 Rc8 34. Nd5 Nxd5 35. Rxd5 Rxc2 36. Rxd6 Rc1 37. g3 Rxd1+ 38. Rxd1 Qc2 39. Rd7 Qe2 40. Qd2 Qxe4 41. Qd5 Rc1+ 0-1

[Event "Mittelrhein Verbandsliga-M 15/16"]
[Site "Nordrheinwestfalen"]
[Date "2016.02.21"]
[Round "8.4"]
[White "Andrijenko, Anatoliy"]
[Black "Eilers, Jochen"]
[Result "1-0"]
[WhiteElo "1696"]
[BlackElo "1969"]
[PlyCount "58"]
[EventDate "2015.09.06"]
[EventType "team-tourn"]
[EventRounds "11"]
[EventCountry "GER"]
[SourceTitle "EXT 2022"]
[Source "ChessBase"]
[SourceDate "2021.10.06"]
[SourceVersion "1"]
[SourceVersionDate "2021.10.06"]
[SourceQuality "1"]
[WhiteTeam "Koeln Longerich"]
[BlackTeam "Bergische SF"]
[WhiteTeamCountry "GER"]
[BlackTeamCountry "GER"]

1. e4 c5 2. Bc4 Nc6 3. a3 g6 4. c3 Nf6 5. d3 d6 6. Ne2 Bg7 7. 0-0 0-0 8. Be3 a6 9. Nd2 b5 10. Bb3 Bb7 11. h3 Qc7 12. Rc1 Ne5 13. Bc2 Rac8 14. f4 Nc6 15. Ng3 b4 16. d4 bxa3 17. bxa3 cxd4 18. cxd4 Nd7 19. Ba4 d5 20. exd5 Qd6 21. dxc6 Bxc6 22. Bxc6 Rxc6 23. Rxc6 Qxc6 24. Qc1 Qa4 25. Nf3 Nb6 26. Qc5 Nc4 27. Bf2 Nd6 28. Qb4 Qc2 29. Re1 Bf6 1-0

[Event "Dresden ZMD op-B 23rd"]
[Site "Dresden"]
[Date "2014.08.21"]
[Round "7"]
[White "Wong, Gengchun"]
[Black "Eilers, Jochen"]
[Result "1/2-1/2"]
[WhiteElo "1758"]
[BlackElo "2032"]
[PlyCount "98"]
[EventDate "2014.08.15"]
[EventType "swiss"]
[EventRounds "9"]
[EventCountry "GER"]
[SourceTitle "EXT 2024"]
[Source "ChessBase"]
[SourceDate "2023.10.10"]
[SourceVersion "1"]
[SourceVersionDate "2023.10.10"]
[SourceQuality "1"]

1. e4 c5 2. Nf3 d6 3. d4 cxd4 4. Nxd4 Nf6 5. Nc3 a6 6. Bg5 Nbd7 7. f4 Qc7 8. Qf3 h6 9. Bxf6 Nxf6 10. f5 Qc5 11. 0-0-0 g5 12. e5 dxe5 13. Ndb5 e4 14. Qg3 axb5 15. Nxb5 e5 16. fxe6 Rxa2 17. Kb1 Ra5 18. Rd4 Bxe6 19. b4 Rxb5 20. Bxb5+ Qxb5 21. Qb8+ Bc8 22. Qxc8+ Ke7 23. Rc4 Bg7 24. Rc7+ Nd7 25. Qxb7 Qxb7 26. Rxb7 Rb8 27. Rxb8 Nxb8 28. Re1 f5 29. g4 Ke6 30. Ka2 Bc3 31. gxf5+ Kxf5 32. Rf1+ Kg4 33. Kb3 Be5 34. Kc4 e3 35. Kd3 Bf4 36. b5 Kh3 37. Ke2 Nd7 38. Rd1 Nc5 39. Kf3 Ne6 40. b6 g4+ 41. Ke2 Bxh2 42. Rh1 Nc5 43. Kxe3 Kg2 44. Rb1 Nb7 45. c4 Bg1+ 46. Kf4 g3 47. Rxg1+ Kxg1 48. Kxg3 Kf1 49. Kh4 Ke2 1/2-1/2

[Event "Dresden ZMD op-B 23rd"]
[Site "Dresden"]
[Date "2014.08.20"]
[Round "6"]
[White "Eilers, Jochen"]
[Black "Weisspflog, Janek"]
[Result "1/2-1/2"]
[WhiteElo "2032"]
[BlackElo "2044"]
[PlyCount "36"]
[EventDate "2014.08.15"]
[EventType "swiss"]
[EventRounds "9"]
[EventCountry "GER"]
[SourceTitle "EXT 2024"]
[Source "ChessBase"]
[SourceDate "2023.10.10"]
[SourceVersion "1"]
[SourceVersionDate "2023.10.10"]
[SourceQuality "1"]

1. e4 c5 2. Nc3 Nc6 3. g3 g6 4. Bg2 Bg7 5. d3 d6 6. Be3 e5 7. Qd2 Nge7 8. Nge2 0-0 9. 0-0 Nd4 10. f4 b5 11. f5 f6 12. g4 b4 13. Nd1 Nxe2+ 14. Qxe2 Rb8 15. Nf2 Bd7 16. h4 a5 17. Nh1 a4 18. Ng3 Qc8 1/2-1/2

[Event "Dresden ZMD op-B 23rd"]
[Site "Dresden"]
[Date "2014.08.18"]
[Round "4"]
[White "Eilers, Jochen"]
[Black "Steinert, Frank"]
[Result "1/2-1/2"]
[WhiteElo "2032"]
[BlackElo "1952"]
[PlyCount "24"]
[EventDate "2014.08.15"]
[EventType "swiss"]
[EventRounds "9"]
[EventCountry "GER"]
[SourceTitle "EXT 2024"]
[Source "ChessBase"]
[SourceDate "2023.10.10"]
[SourceVersion "1"]
[SourceVersionDate "2023.10.10"]
[SourceQuality "1"]

1. e4 e6 2. Nc3 d5 3. g3 b6 4. Bg2 Bb7 5. d3 Bb4 6. Bd2 Nf6 7. e5 Nfd7 8. f4 Na6 9. Nf3 Ndc5 10. 0-0 Bxc3 11. Bxc3 Na4 12. Qd2 c5 1/2-1/2

[Event "Dresden ZMD op-B 23rd"]
[Site "Dresden"]
[Date "2014.08.15"]
[Round "1"]
[White "Maeder, Juergen"]
[Black "Eilers, Jochen"]
[Result "0-1"]
[WhiteElo "1844"]
[BlackElo "2032"]
[PlyCount "62"]
[EventDate "2014.08.15"]
[EventType "swiss"]
[EventRounds "9"]
[EventCountry "GER"]
[SourceTitle "EXT 2024"]
[Source "ChessBase"]
[SourceDate "2023.10.10"]
[SourceVersion "1"]
[SourceVersionDate "2023.10.10"]
[SourceQuality "1"]

1. c4 g6 2. g3 Bg7 3. Bg2 d6 4. Nc3 c5 5. d3 Nc6 6. e4 e5 7. Nge2 Nge7 8. 0-0 0-0 9. h3 Be6 10. a3 Qd7 11. Kh2 f5 12. exf5 Nxf5 13. Ne4 h6 14. N2c3 Rf7 15. Rb1 Raf8 16. b4 b6 17. Rb2 Nfd4 18. f4 exf4 19. Bxf4 Ne5 20. Rbf2 Rf5 21. Bxe5 Bxe5 22. Rxf5 gxf5 23. Qh5 Qg7 24. Kh1 fxe4 25. Rxf8+ Kxf8 26. Nxe4 Bf7 27. Qh4 Nf5 28. Qd8+ Be8 29. g4 Ng3+ 30. Nxg3 Bxg3 31. Bd5 Qe7 0-1

[Event "Duesseldorf Post op 28th"]
[Site "Duesseldorf"]
[Date "2012.12.29"]
[Round "5"]
[White "Eilers, Jochen"]
[Black "Kolkin, Michail"]
[Result "0-1"]
[WhiteElo "2007"]
[BlackElo "2296"]
[PlyCount "113"]
[EventDate "2012.12.26"]
[EventType "swiss"]
[EventRounds "7"]
[EventCountry "GER"]
[SourceTitle "CBM 152 Extra"]
[Source "ChessBase"]
[SourceDate "2013.02.25"]
[SourceVersion "1"]
[SourceVersionDate "2013.02.25"]
[SourceQuality "1"]

1. e4 c5 2. Nc3 Nc6 3. g3 g6 4. Bg2 Bg7 5. d3 Rb8 6. Be3 Nd4 7. Qd2 b5 8. Nce2 e5 9. c3 Ne6 10. f4 d6 11. Nf3 Ne7 12. 0-0 0-0 13. Nh4 exf4 14. Nxf4 b4 15. Nxe6 Bxe6 16. Bh6 bxc3 17. bxc3 a5 18. Bxg7 Kxg7 19. Nf3 f6 20. Qc2 Qd7 21. Rfb1 a4 22. Nd2 Qa7 23. Bf3 Nc6 24. Bd1 a3 25. Qa4 Qxa4 26. Bxa4 Ne5 27. Bc2 Rxb1+ 28. Rxb1 Ra8 29. Rb7+ Kh6 30. c4 Ra6 31. Nb1 Nf3+ 32. Kf2 Nd4 33. Bd1 f5 34. Nc3 g5 35. exf5 Bxf5 36. Ke3 Kg6 37. Nb5 Nc6 38. Nc7 Bc8 39. Nxa6 Bxb7 40. Nc7 Nb4 41. Nb5 Nxa2 42. Nxa3 Kf6 43. Nb5 Ke5 44. Bb3 Nb4 45. Bd1 d5 46. cxd5 Ba6 47. Nc3 Bxd3 48. Bf3 c4 49. h4 gxh4 50. gxh4 h6 51. Kd2 Na6 52. Ke3 Nc7 53. Bg2 Ne8 54. Nd1 Nd6 55. Nc3 Nf5+ 56. Kd2 Nxh4 57. Bh1 0-1

[Event "Dresden ZMD op-B 21st"]
[Site "Dresden"]
[Date "2012.08.25"]
[Round "8"]
[White "Niegsch, Nicolas"]
[Black "Eilers, Jochen"]
[Result "1-0"]
[WhiteElo "1856"]
[BlackElo "1953"]
[PlyCount "43"]
[EventDate "2012.08.18"]
[EventType "swiss"]
[EventRounds "9"]
[EventCountry "GER"]
[SourceTitle "CBM 150 Extra"]
[Source "ChessBase"]
[SourceDate "2012.10.19"]
[SourceVersion "1"]
[SourceVersionDate "2012.10.19"]
[SourceQuality "1"]

1. e4 c5 2. Nf3 d6 3. d4 cxd4 4. Nxd4 Nf6 5. Nc3 a6 6. Bc4 e6 7. Bb3 Be7 8. Be3 0-0 9. g4 Nc6 10. g5 Nd7 11. Rg1 Nxd4 12. Bxd4 Nc5 13. Qh5 Nxb3 14. axb3 b5 15. 0-0-0 b4 16. Na4 Rb8 17. Rd3 Rb5 18. e5 Re8 19. Rh3 Kf8 20. Rf3 f5 21. gxf6 Bxf6 22. Qxh7 1-0

[Event "Rostock SSC 07 op 11th"]
[Site "Rostock"]
[Date "2012.08.04"]
[Round "6"]
[White "Eilers, Jochen"]
[Black "Daemmig, Matthias"]
[Result "1/2-1/2"]
[WhiteElo "2016"]
[BlackElo "2154"]
[PlyCount "144"]
[EventDate "2012.08.01"]
[EventType "swiss"]
[EventRounds "7"]
[EventCountry "GER"]
[SourceTitle "EXT 2017"]
[Source "ChessBase"]
[SourceDate "2016.10.25"]
[SourceVersion "1"]
[SourceVersionDate "2016.10.25"]
[SourceQuality "1"]

1. e4 c5 2. Nc3 e6 3. g3 d5 4. exd5 exd5 5. Bg2 Nf6 6. Nge2 d4 7. Ne4 Nxe4 8. Bxe4 Nd7 9. Bg2 Bd6 10. 0-0 0-0 11. d3 Re8 12. Re1 Ne5 13. Bf4 Bg4 14. Bxe5 Rxe5 15. Qd2 Qd7 16. Kf1 Rh5 17. h4 Re5 18. Nf4 Rae8 19. Rxe5 Rxe5 20. Re1 Rxe1+ 21. Kxe1 h5 22. f3 Bxf4 23. Qxf4 Bh3 24. Bxh3 Qxh3 25. b3 Qh1+ 26. Kd2 b5 27. Qb8+ Kh7 28. Qf4 Qh3 29. Kc1 Qe6 30. Kb2 g6 31. Qc7 Qd5 32. Qxa7 c4 33. bxc4 bxc4 34. dxc4 Qxc4 35. Qa3 Qc7 36. f4 f6 37. Qd3 Qc5 38. Qb3 Kg7 39. a3 g5 40. fxg5 fxg5 41. hxg5 Qxg5 42. Qb7+ Kg6 43. Qc6+ Kh7 44. Qd7+ Kh6 45. Qe6+ Kh7 46. Qd6 Qe3 47. Qc7+ Kh6 48. a4 Kg6 49. a5 Qd2 50. Qd6+ Kh7 51. Qe7+ Kg6 52. Qe6+ Kg7 53. Qe5+ Kg6 54. Qd6+ Kg7 55. Qc5 Qe3 56. a6 Qxg3 57. Qxd4+ Kf7 58. Qd5+ Kf8 59. Qc5+ Ke8 60. Qxh5+ Kd8 61. Qh8+ Ke7 62. a7 Qf4 63. a8Q Qb4+ 64. Ka2 Qc4+ 65. Ka3 Qc5+ 66. Kb3 Qb5+ 67. Kc3 Qc5+ 68. Kd3 Qb5+ 69. Ke3 Qc5+ 70. Qd4 Qg5+ 71. Ke4 Qg2+ 72. Kf4 Qxa8 1/2-1/2

[Event "Rostock SSC 07 op 11th"]
[Site "Rostock"]
[Date "2012.08.02"]
[Round "3"]
[White "Jaehn, Janis"]
[Black "Eilers, Jochen"]
[Result "0-1"]
[WhiteElo "1777"]
[BlackElo "2016"]
[PlyCount "84"]
[EventDate "2012.08.01"]
[EventType "swiss"]
[EventRounds "7"]
[EventCountry "GER"]
[SourceTitle "EXT 2017"]
[Source "ChessBase"]
[SourceDate "2016.10.25"]
[SourceVersion "1"]
[SourceVersionDate "2016.10.25"]
[SourceQuality "1"]

1. b3 Nf6 2. f4 g6 3. Nf3 Bg7 4. Bb2 d6 5. e3 c5 6. Bb5+ Nc6 7. Bxc6+ bxc6 8. d3 0-0 9. 0-0 Qb6 10. Qe1 a5 11. a4 Ba6 12. Nbd2 Nd5 13. Bxg7 Kxg7 14. Nc4 Qc7 15. Ng5 h6 16. Ne4 f5 17. Nc3 Bxc4 18. dxc4 Nf6 19. e4 fxe4 20. Nxe4 Nxe4 21. Qxe4 Rae8 22. f5 gxf5 23. Rxf5 Rxf5 24. Qxf5 Qc8 25. Qxc8 Rxc8 26. Kf2 Kf6 27. Ke3 Rg8 28. Rf1+ Ke6 29. Rf2 d5 30. c3 Rb8 31. cxd5+ cxd5 32. Rb2 Ke5 33. g3 e6 34. h3 h5 35. Rb1 d4+ 36. Kd3 Rf8 37. Re1+ Kd5 38. c4+ Kd6 39. Ke4 Rf2 40. Rb1 Re2+ 41. Kf3 Re3+ 42. Kg2 e5 0-1

[Event "Rheinland Pfalz op 4th"]
[Site "Altenkirchen"]
[Date "2012.06.08"]
[Round "3"]
[White "Kim, Yun Ghi"]
[Black "Eilers, Jochen"]
[Result "0-1"]
[WhiteElo "1736"]
[BlackElo "2021"]
[PlyCount "108"]
[EventDate "2012.06.07"]
[EventType "swiss"]
[EventRounds "7"]
[EventCountry "GER"]
[SourceTitle "CBM 148 Extra"]
[Source "ChessBase"]
[SourceDate "2012.06.22"]
[SourceVersion "1"]
[SourceVersionDate "2012.06.22"]
[SourceQuality "1"]

1. d4 Nf6 2. c4 c5 3. d5 e6 4. Nc3 exd5 5. cxd5 d6 6. e4 g6 7. Be2 Bg7 8. Nf3 0-0 9. 0-0 a6 10. a4 Bg4 11. Nd2 Bxe2 12. Qxe2 Nbd7 13. Nc4 Nb6 14. Bg5 Nxc4 15. Qxc4 h6 16. Bh4 g5 17. Bg3 Nh5 18. Ne2 Qe7 19. Rab1 Rab8 20. Nc3 Bd4 21. Qe2 Nxg3 22. hxg3 Kg7 23. Qd3 Qe5 24. Ne2 f5 25. exf5 Qxf5 26. Qf3 Qe5 27. Qg4 Bxb2 28. Nf4 Kh7 29. Rfe1 Qf6 30. Re6 Qf5 31. Qxf5+ Rxf5 32. Rxb2 gxf4 33. Rxd6 fxg3 34. fxg3 b5 35. axb5 axb5 36. Ra2 Rb7 37. Raa6 Rh5 38. g4 Rh4 39. g3 Rxg4 40. Rxh6+ Kg7 41. Kg2 Rd7 42. Rhd6 Rxd6 43. Rxd6 b4 44. Rb6 Rd4 45. d6 Kf7 46. Rb5 Rd5 47. Kf3 Ke6 48. d7 Kxd7 49. Ke4 Rd4+ 50. Ke5 Kc6 51. Rb8 Rg4 52. Rc8+ Kb5 53. Kd5 Rg5+ 54. Kd6 Kc4 0-1

[Event "Lippe Cup-A 08th"]
[Site "Lieme"]
[Date "2011.10.29"]
[Round "2"]
[White "Henkemeier, Markus"]
[Black "Eilers, Jochen"]
[Result "0-1"]
[WhiteElo "1931"]
[BlackElo "2022"]
[PlyCount "72"]
[EventDate "2011.10.28"]
[EventType "swiss"]
[EventRounds "5"]
[EventCountry "GER"]
[SourceTitle "EXT 2012"]
[Source "ChessBase"]
[SourceDate "2011.11.24"]
[SourceVersion "1"]
[SourceVersionDate "2011.11.24"]
[SourceQuality "1"]

1. e4 c5 2. Nc3 e6 3. g3 d5 4. d3 Nf6 5. e5 d4 6. exf6 dxc3 7. fxg7 Bxg7 8. b3 Nc6 9. Bg2 Bd7 10. Be3 Bd4 11. Nh3 Qc7 12. 0-0 0-0-0 13. Ng5 Rdf8 14. Ne4 Nb4 15. Bf4 Be5 16. Bxe5 Qxe5 17. a3 Na6 18. Qe1 f5 19. Qxc3 Qc7 20. Nf6 h5 21. Nxd7 Qxd7 22. h4 Rhg8 23. Qe5 Nc7 24. Qxc5 f4 25. Kh2 Rf5 26. Qc4 Rg4 27. Qc3 Qd6 28. Qh8+ Rf8 29. Qxh5 fxg3+ 30. Kh1 Rfg8 31. f3 Rf4 32. Rae1 Qd8 33. Re4 Rxe4 34. fxe4 Rh8 35. Qc5 Qxh4+ 36. Kg1 Qh2# 0-1

[Event "Dresden ZMDI Blitz"]
[Site "Dresden"]
[Date "2011.08.08"]
[Round "3"]
[White "Eilers, Jochen"]
[Black "Neukoetter, Moritz"]
[Result "1-0"]
[WhiteElo "2001"]
[BlackElo "1707"]
[PlyCount "45"]
[EventDate "2011.08.06"]
[EventType "swiss (blitz)"]
[EventRounds "9"]
[EventCountry "GER"]
[SourceTitle "EXT 2022"]
[Source "ChessBase"]
[SourceDate "2021.10.06"]
[SourceVersion "1"]
[SourceVersionDate "2021.10.06"]
[SourceQuality "1"]

1. e4 c5 2. Nc3 Nc6 3. g3 g6 4. Bg2 Bg7 5. d3 d6 6. Be3 Nf6 7. h3 Rb8 8. Qd2 0-0 9. Nge2 Qa5 10. 0-0 e5 11. f4 Nd4 12. fxe5 Nxe2+ 13. Qxe2 Nh5 14. Rf3 Bxe5 15. g4 Bxc3 16. bxc3 Qxc3 17. Raf1 Ng7 18. Qf2 Be6 19. d4 cxd4 20. Bxd4 Qa5 21. Qh4 Ne8 22. Qe7 Qc7 23. Qxe6 1-0